LEADER 01204nas 2200385- 450 001 9910895334503321 005 20160824065912.7 035 $a(OCoLC)192137538 035 $a(CKB)1000000000391445 035 $a(CONSER)--2008213034 035 $a(DE-599)ZDB2578400-6 035 $a(EXLCZ)991000000000391445 100 $a20080220a20089999 --- a 101 0 $aeng 135 $aur||||||||||| 181 $ctxt$2rdacontent 182 $cc$2rdamedia 183 $acr$2rdacarrier 200 00$aJournal of strategic leadership 210 1$aVirginia Beach, VA :$cRegent University, School of Global Leadership & Entrepreneurship,$d2008- 300 $aRefereed/Peer-reviewed 311 $a1941-4668 517 1 $aJSL 606 $aLeadership$vPeriodicals 606 $aLeadership$2fast$3(OCoLC)fst00994701 608 $aPeriodicals.$2fast 615 0$aLeadership 615 7$aLeadership. 676 $a658.4092 712 02$aRegent University.$bSchool of Global Leadership & Entrepreneurship. 712 02$aRegent University.$bSchool of Business & Leadership. 906 $aJOURNAL 912 $a9910895334503321 996 $aJournal of strategic leadership$94255267 997 $aUNINA